|
|
|
|
| LEADER |
01514ppm a22003738a 4500 |
| 001 |
00032428 |
| 005 |
20171026081025.0 |
| 008 |
140905s2014 ||||||viesd |
| 041 |
0 |
# |
|a vie
|
| 082 |
1 |
4 |
|a 373.11
|b N122C
|
| 100 |
1 |
# |
|a Nguyễn, Thị Phượng
|e Chủ nhiệm đề tài
|
| 245 |
1 |
0 |
|b Báo cáo tổng kết đề tài nghiên cứu khoa học và công nghệ cấp cơ sở. Mã số CS2013.02.22
|c Nguyễn Thị Phượng (chủ nhiệm đề tài)
|a Nâng cao phương pháp thu thập và xử lí thông tin học tập trong quá trình học của sinh viên khoa Giáo dục tiểu học mầm non
|
| 260 |
# |
# |
|b Trường Đại học Đồng Tháp
|c 2014
|a Đồng Tháp
|
| 300 |
# |
# |
|a 68 tr. +phụ lục
|c 27 cm.
|
| 500 |
# |
# |
|a ĐTTS ghi: Bộ Giáo dục và Đào tạo. Trường Đại học Đồng Tháp
|
| 653 |
# |
# |
|a Giáo dục tiểu học
|
| 653 |
# |
# |
|a Giáo dục
|
| 653 |
# |
# |
|a Mầm non
|
| 653 |
# |
# |
|a Đại học Đồng Tháp
|
| 653 |
# |
# |
|a Xử lí thông tin
|
| 653 |
# |
# |
|a Sinh viên
|
| 653 |
# |
# |
|a Quá trình học
|
| 653 |
# |
# |
|a Phương pháp thu thập
|
| 852 |
# |
# |
|j KH.0000024
|
| 852 |
# |
# |
|b Kho đọc SĐH
|j KH.0000024
|
| 852 |
# |
# |
|b Kho đọc
|j KH.0000024
|
| 910 |
# |
# |
|d 05/09/2014
|
| 980 |
# |
# |
|a Trung tâm Học liệu Lê Vũ Hùng, Trường Đại học Đồng Tháp
|